A framework for task based learning

Gardado en:
Detalles Bibliográficos
Autor Principal: Willis, Jane (Author)
Formato: Libro
Idioma:inglés
Publicado: Essex Longman 1998
Series:Longman Handbook for Language Teachers
Subjects:
Tags: Engadir etiqueta
Sen Etiquetas, Sexa o primeiro en etiquetar este rexistro!

MARC

LEADER 00000nam a2200000 a 4500
001 UCP1957
003 CL-VaPUC
008 990430e19980000uk |||||||||||||||||eng|d
082 0 4 |a 428.2  |b WIL  |2 21 
100 0 |a Willis, Jane  |e author  |9 428313 
245 1 2 |a A framework for task based learning 
300 |a 183 p 
942 |c BK 
945 |d 19990430 00:00:00  |a rbrito 
260 |a Essex  |b Longman  |c 1998 
650 0 |a Inglés  |9 260023 
650 0 |a Ejercicios de lectura   |9 324248 
650 0 |a Enseñanza del inglés  |9 367340 
650 0 |a Enseñanza de idiomas  |9 339820 
583 |a last modification  |c 20171121 12:09:24  |k Rodrigo Vera 
490 0 |a Longman Handbook for Language Teachers 
999 |c 280575  |d 280573 
952 |0 0  |1 0  |4 0  |6 428_200000000000000_WIL_1998  |7 0  |8 A  |9 320925  |a BIBEDU  |b BIBEDU  |d 2019-11-20  |i 3520854  |o 428.2 WIL 1998  |p 3520854  |r 2019-11-20  |w 2019-11-20  |y BK  |k LIT